000 01050naa a22003137a 4500
001 BR7806103
003 BR-BrBNA
005 20240918174227.0
007 ta
008 230509b bl.||||| |||| 00| 0 por d
040 _aBR-BrBNA
_bpor
_cBiblioteca Nacional de Agricultura
041 _a(Pt)
072 _aA50; L00
_b5240
_b5250
_bG514
090 _aA50 BR7806103
110 1 _aEmpresa de Pesquisa Agropecuaria do Ceara, Fortaleza (Brasil)
245 1 _aProjeto de pesquisa com caprinos e ovinos [Ceara, Brasil]
260 3 _aFortaleza, CE (Brasil):
_c1978.
500 _aProjetos administracao e pesquisa 1979/80 Fortaleza, CE (Brasil): 1978. p. 51-56 (BR7806103-AM)A50
650 _aPROJETO DE PESQUISA
650 _aPROJETO PECUARIO
650 _aPASTAGEM
650 _aORCAMENTO
650 _aFINANCIAMENTO
650 _aQUIXADA
650 _aCEARA
773 0 _tProjetos administracao e pesquisa 1979/80
_wA50 BR7806103
_gFortaleza, CE (Brasil), 1978. p. 51-56
909 _a202404
_bLucia
_c55
_dLucia Elande
942 _cAM
_2AGRIS
999 _c309717
_d309717